000 00991nac a22003017a 4500
001 BR8300518
003 BR-BrBNA
005 20240105115613.0
008 230509b bl.|||m| |||| 00| 0 por d
040 _aBR-BrBNA
_bpor
_cBiblioteca Nacional de Agricultura
072 _aF00
090 _a3290 BR8300518
100 1 _aMarques, L.C.T.
110 1 _aCentro de Pesquisa Agropecuaria do Tropico Umido, Belem, PA (Brasil)
245 1 _aProducao de mudas de freijo (Cordia goeldiana Huber)[freijo-cinza]
246 1 _a[Production of seedlings of Cordia goeldiana Huber]
260 3 _aBelem, PA (Brasil):
_c1982.
300 _a13 p.
490 _aCircular Tecnica - Centro de Pesquisa Agropecuaria do Tropico Umido (Brazil)
_vno. 36
_xISSN 0100-7556
500 _aSummaries (En, Pt)
650 _aFREIJO-CINZA
650 _aMUDA
650 _aSEMEADURA
650 _aPLANTIO
650 _aREPICAGEM
909 _a202312
_bLúcia Elande
_c55
_dLúcia Elande
942 _2AGRIS
_n0
_cMS
999 _c275521
_d275521